000 00854nam a2200253 a 4500
001 BRCA_8704
005 20190320210355.0
008 250117s2011----sp-a######---#000-0#spa-#
020 _a9788323684588
041 _aspa
044 _asp
050 4 _aPQ6323
_b.N38 2011
100 1 _aNavarro Durán, Rosa
_921688
245 1 0 _aEl Quijote contado a los niños
_cpor Rosa Navarro Durán ; con ilustraciones de Francesc Rovira.
250 _a15
260 _aEspaña
_bEdebé
_c2011
300 _a196 p.
_bil.
_c20 cm.
440 0 _aBiblioteca escolar
_pClásicos contados a los niños
_921689
500 _aVersión para niños adaptada por Rosa Navarro Durán
600 1 4 _aCervantes Saavedra, Miguel de
_d1547-1616
_tEl Ingenioso Hidalgo Don Quijote de la Mancha
_921690
700 1 _aRovira, Francesc
_eil.
_921691
902 _aQAG
942 _2lcc
_cB
999 _c8357
_d8357